000 00471nam a22001812 4500
001 0000003396
005 20170406115004.0
008 140612s xx 000 0 eng d
020 _c$
040 _aYour Holding Symbol
_cYour Holding Symbol
100 1 _aMurray,Gilbert.
245 1 0 _aAristophanes :
_ba study.
250 _a ed.
260 _aNew york :
_bOxford,
_c1933.
300 _a268 p. ;
_c cm.
650 0 _aliterature.
908 _a140612
999 _c3273
_d3273